000 00671nam a2200205 i 4500
001 85914
003 ES-MaACL
007 t|
008 041202s1984 it ||||1| ita d
100 0 _aKafka, Franz,
_d1883-1924
_967400
245 1 3 _aLa metamorfosi /
_cFranz Kafka ; introduzione di Giuliano Baioni ; traduzione di Anita Rho.
260 _aMilano :
_bRizzoli,
_c[1984]
300 _a108 p. :
_bil. ;
_c18 cm.
490 1 _aBiblioteca universale Rizzoli
700 1 _aBaioni, Giuliano.
_924737
700 1 _aRho, Anita.
_996654
830 0 _aBiblioteca universale Rizzoli
_9183895
852 _aES-MaACL
_jL-6001
_bR.106478
999 _c85914
_d85914